| 000 | 01635nam0a2200385 4500 | ||
|---|---|---|---|
| 001 | RU\NLR\BIBL_A\012648920 | ||
| 005 | 20220110103958.0 | ||
| 010 |
_a978-5-389-10172-2 _93000 |
||
| 021 |
_aRU _bКН-П-23-027020 _9КН-П-23-2698 |
||
| 021 |
_aRU _bКН-П-21-049927 _9КН-П-21-3923 |
||
| 035 | _a(NLR Aleph) 012648920 | ||
| 090 |
_a12720241 _c12720241 |
||
| 100 | _a20211123d2021 c y0rusy50 ca | ||
| 101 | 1 |
_arus _cita |
|
| 102 |
_aRU _aUA |
||
| 105 | _aa z 000ay | ||
| 181 | 0 |
_ai3 _baxxe |
|
| 181 | 0 |
_ab1 _bxb2e |
|
| 182 | 0 | _an | |
| 200 | 1 |
_aАгата Мистери _iСыщик против сыщика _e[роман _eдля среднего школьного возраста] _fСэр Стив Стивенсон _gперевод с итальянского Екатерины Даровской _gиллюстрации Стефано Туркони |
|
| 203 |
_aТекст _aИзображение _bвизуальные _cнепосредственные |
||
| 210 |
_aСанкт-Петербург [и др.] _cАзбука [и др.] _d2021 |
||
| 215 |
_a124, [4] с. _cил. _d22 |
||
| 225 | 1 |
_aСерия "Девочка-детектив" _v14 |
|
| 320 | _aДр. произведения авт.: с. 2 | ||
| 333 | _a6+ | ||
| 686 | 0 | _aШ9(4Ит)62-4 | |
| 700 | 1 |
_7ca _8rus _aСтивенсон _bС. _gСтив _9144596 _3RU\NLR\AUTH\770144632 |
|
| 702 | 1 |
_aТуркони _bС. _f1974- _gСтефано _4440 |
|
| 942 | _cBOOK | ||
| 980 | _aNB | ||